000 00535nam a2200181Ia 4500
008 090124s9999 xx 000 0 und d
082 _b25354
_a1612
100 _aशिरवाडकर वसंत
245 _a अवकाशाचा शोध
250 _a1
260 _c1987
300 _a72
600 _aशिरवाडकर वसंत
630 _a अवकाशाचा शोध
700 _aशिरवाडकर वसंत
730 _a अवकाशाचा शोध
942 _cBOOK
999 _c138867
_d138867